000 01084nam0a22002891 4500
001 rc\3331544
005 20260406080756.0
021 _aRU
_bП2215-71
035 _a(NLR Aleph) 007425594
090 _a6961981
_c6961981
100 _a20130115d1970 |||y0rusy50 ca
101 0 _arus
102 _aRU
105 _ay z |||||
200 1 _aО процессах типа двойной перезарядки на легких ядрах
210 _a[Дубна
_cБ. и.
_d1970]
215 _a14 с.
_d21
225 1 _aОбъединенный институт ядерных исследований. [Сообщения]
_fЛаб. ядерных проблем
_vР2-5286
320 _aБиблиогр.: с. 14
700 1 _8rus
_7ca
_aТарасов
_bА. В.
_cканд. физ.-мат. наук, ядерная физика
_f1942-2011
_gАлександр Васильевич
_3RU\NLR\AUTH\7743623
_926566
701 1 _aЦэрэн
_bЧ.
801 0 _aRU
_bNLR
_gpsbo
801 1 _aRU
_bELAR
_2rusmarc
852 _aNLR
_jП11/2061
942 _cBOOK
980 _aNB